00470nam a2200193Ia 4500003000900000008004100009040001300050040001300063041000800076100003500084100000800119245007500127250001000202260001500212260000900227300001200236490002100248490000700269IT-RoPAU120407s9999 xx 000 0 und d aIT-RoPAU cIT-RoPAU afra aCeslas Spicq al secolo Bernard cop. aL’Epitre aux Hébreux. 2 voll. 1°: Introduction. 2°: Commentaire. aParis aJ. Gabalda c1952 c24,5 cm aEtudes Bibliques v65